01357nas a2200217 4545000010006000000050017000060080037000230030015000600400040000750800032001152450046001470220014001932640060002073100558002671000085008256500029009106500028009396500032009676500013009998560127010122024220260407193506.0260407s1972####ag###########|||spa#dAR-UNSa-BCEJYS aAR-UNSa-BCEJYSbspacAR-UNSa-BCEJYS a330(82)xEconomia Argentina10aInformación económica de la Argentina a0325-237X 1aBuenos Aires :bMinisterio de Hacienda y Finanzasc1972 aFrecuencia: Mensual Suspendida: mayo 1973-julio 1976 Editor varía: Argentina. Ministerio de Economía y Trabajo. Servicio de Prensa, 1967-1971. Argentina. Ministerio de Hacienda y Finanzas. Servicio de Prensa, 1971-1972. Argentina. Ministerio de Hacienda y Finanzas. Servicio de Prensa y Publicaciones = Servicio de Prensa, Relaciones y Ceremonial, jun./jul. 1972-mayo 1973. Argentina. Ministerio de Economía. Secretaría de Programación y Coordinación Económica, jul.1976-1981. Argentina. Ministerio de Economía, Hacienda y Finanzas, 19811 aArgentina. Ministerio de Hacienda y Finanzas. Servicio de Prensa y Publicaciones aCondiciones económicas aCrecimiento económico aInvestigación económica aECONOMIA41uhttps://biblioeco.unsa.edu.ar/pmb/images/revistas/Informacion Economica de la Argentina.jpgyImagen de portadaqimage/jpeg